000 00476nam a2200181Ia 4500
008 131103s9999 xx 000 0 und d
040 _aLoreto College
041 _aEnglish
082 _a370.15/BAW
_bLCBED/770
100 _aBawa, Hari S
245 _aEducational psychology
_cHari S Bawa
260 _aSolan
_bKumarsons
_c[19?]
300 _aV.1
_c 22cm.
504 _aIncludes references and index
650 _aPsychology
850 _aLCBED/370.15/BAW
942 _cBK
999 _c26683
_d77162